00723 2200277 4500001002100000005001500021035002000036007000300056008004100059020002200100082000800122084001400130100001900144245007400163250001000237260004200247300003600289500001100325500001400336650002100350504003000371990001100401990001100412990001100423990001100434INLIS00000000000563120200630101707 a0010-0420000025ta200630 g 0 ind  a978-602-9235-38-8 a372 a372 AFI p0 aAFIF, Muhammad1 aPanduan Mengajar Olahraga Kepada Anak-anak Usia Dini /cAfif Muhammad acet.1 aJakarta :bCitraunggul Laksana,c2013 aiv, 120 hlm. :bilus. ;c25 cm. aIndeks aGlosarium 4aPENDIDIKAN DASAR aBibliografi : hlm.118-119 a7375 a a7375 b a7375 c a7375 d